AN ADVANCED COURSE IN PRACTICAL PHYSICS (Record no. 981)

MARC details
000 -LEADER
fixed length control field 00442nam a22001937a 4500
003 - CONTROL NUMBER IDENTIFIER
control field OSt
005 - DATE AND TIME OF LATEST TRANSACTION
control field 20210831093503.0
008 - FIXED-LENGTH DATA ELEMENTS--GENERAL INFORMATION
fixed length control field 210831b |||||||| |||| 00| 0 eng d
020 ## - INTERNATIONAL STANDARD BOOK NUMBER
International Standard Book Number ISBN 81-7381-054-4
040 ## - CATALOGING SOURCE
Transcribing agency HU
050 ## - LIBRARY OF CONGRESS CALL NUMBER
Classification number 1
082 ## - DEWEY DECIMAL CLASSIFICATION NUMBER
Classification number 530/CHA
100 ## - MAIN ENTRY--PERSONAL NAME
Personal name D.CHATTOP ADHYAY
9 (RLIN) 803
245 ## - TITLE STATEMENT
Title AN ADVANCED COURSE IN PRACTICAL PHYSICS
250 ## - EDITION STATEMENT
Edition statement 1
260 ## - PUBLICATION, DISTRIBUTION, ETC.
Place of publication, distribution, etc. KOLKATA
Name of publisher, distributor, etc. LTD
Date of publication, distribution, etc. 2005
300 ## - PHYSICAL DESCRIPTION
Extent 860
942 ## - ADDED ENTRY ELEMENTS (KOHA)
Source of classification or shelving scheme Dewey Decimal Classification
Koha item type Books like text book referance book
Suppress in OPAC No
Holdings
Withdrawn status Lost status Source of classification or shelving scheme Damaged status Not for loan Home library Current library Shelving location Date acquired Total Checkouts Full call number Barcode Date last seen Copy number Price effective from Koha item type
    Dewey Decimal Classification     Natural & Computational Science Library Natural & Computational Science Library General Stacks 08/31/2021   530/CHA NSCLIB00003343 08/31/2021 1 08/31/2021 Books like text book referance book